<?xml version="1.0" encoding="UTF-8"?>
<record
    xmlns:xsi="http://www.w3.org/2001/XMLSchema-instance"
    xsi:schemaLocation="http://www.loc.gov/MARC21/slim http://www.loc.gov/standards/marcxml/schema/MARC21slim.xsd"
    xmlns="http://www.loc.gov/MARC21/slim">

  <leader>02079cam a22002895a 4500</leader>
  <controlfield tag="001">17674228</controlfield>
  <controlfield tag="005">20150810130404.0</controlfield>
  <controlfield tag="008">130326t2013    maua   frb    001 0 eng d</controlfield>
  <datafield tag="020" ind1=" " ind2=" ">
    <subfield code="a">9780124077683</subfield>
  </datafield>
  <datafield tag="020" ind1=" " ind2=" ">
    <subfield code="a">0124077684</subfield>
  </datafield>
  <datafield tag="040" ind1=" " ind2=" ">
    <subfield code="a">DLC</subfield>
    <subfield code="b">eng</subfield>
    <subfield code="c">DLC</subfield>
    <subfield code="d">DLC</subfield>
    <subfield code="d">EG-ScBUE</subfield>
  </datafield>
  <datafield tag="082" ind1="0" ind2="4">
    <subfield code="a">005.1</subfield>
    <subfield code="b">SCH</subfield>
    <subfield code="2">22</subfield>
  </datafield>
  <datafield tag="100" ind1="1" ind2=" ">
    <subfield code="a">Schmidt, Richard F.</subfield>
    <subfield code="q">(Richard Francis),</subfield>
    <subfield code="d">1956-</subfield>
    <subfield code="9">38286</subfield>
  </datafield>
  <datafield tag="245" ind1="1" ind2="0">
    <subfield code="a">Software engineering :</subfield>
    <subfield code="b">architecture-driven software development /</subfield>
    <subfield code="c">Richard F. Schmidt.</subfield>
  </datafield>
  <datafield tag="260" ind1=" " ind2=" ">
    <subfield code="a">Waltham, Massachusetts :  </subfield>
    <subfield code="b">Morgan Kaufmann / Elsevier, </subfield>
    <subfield code="c">c.2013.</subfield>
  </datafield>
  <datafield tag="300" ind1=" " ind2=" ">
    <subfield code="a">xxiv, 351 p. :</subfield>
    <subfield code="b">ill. ;</subfield>
    <subfield code="c">24 cm.</subfield>
  </datafield>
  <datafield tag="500" ind1=" " ind2=" ">
    <subfield code="a">Index : p. 343-351.</subfield>
  </datafield>
  <datafield tag="504" ind1=" " ind2=" ">
    <subfield code="a">Includes bibliographical references.</subfield>
  </datafield>
  <datafield tag="505" ind1="0" ind2=" ">
    <subfield code="a">Section 1. Software Engineering Foundations -- Introduction to Software Engineering -- Generic Software Development Framework -- The Software Architecture -- Coping with Project Complexity -- Integrated Product and Process Development -- Section 2. Specifying Software Requirements -- Understanding Software Requirements -- Software Requirements Analysis -- Managing Requirements -- Section 3. Developing the Functional Architecture -- Formulating the Functional Architecture -- Functional Analysis and Allocation Tasks -- Section 4. Developing the Physical Architecture -- Configuring the Physical Architecture -- Application Design Synthesis -- Section 5. Software Architectural Design Decisions -- Evaluating Architectural Alternatives -- Software Analysis Tasks -- Section 6. Managing the Software Architecture -- Software Control Tasks -- Software Verification and Validation Tasks -- Section 7. Software Integrated Product and Process Development -- Software Requirements Definition -- Preliminary Architecture Definition -- Detailed Architecture Definition -- Software Implementation.</subfield>
  </datafield>
  <datafield tag="650" ind1=" " ind2="0">
    <subfield code="a">Software engineering.</subfield>
    <subfield code="2">BUEsh</subfield>
  </datafield>
  <datafield tag="650" ind1=" " ind2="0">
    <subfield code="a">Software architecture.</subfield>
    <subfield code="2">BUEsh</subfield>
  </datafield>
  <datafield tag="650" ind1=" " ind2="0">
    <subfield code="a">Computer software</subfield>
    <subfield code="x">Development.</subfield>
    <subfield code="2">BUEsh</subfield>
  </datafield>
  <datafield tag="651" ind1=" " ind2=" ">
    <subfield code="2">BUEsh</subfield>
  </datafield>
  <datafield tag="653" ind1=" " ind2=" ">
    <subfield code="b">COMSCI</subfield>
    <subfield code="b">ENGGEN</subfield>
    <subfield code="c">June2015</subfield>
    <subfield code="c">August2015</subfield>
  </datafield>
  <datafield tag="655" ind1=" " ind2=" ">
    <subfield code="v">reading book</subfield>
    <subfield code="9">34232</subfield>
  </datafield>
  <datafield tag="942" ind1=" " ind2=" ">
    <subfield code="2">ddc</subfield>
    <subfield code="k">005.1 SCH</subfield>
  </datafield>
  <datafield tag="999" ind1=" " ind2=" ">
    <subfield code="c">19852</subfield>
    <subfield code="d">19824</subfield>
  </datafield>
  <datafield tag="952" ind1=" " ind2=" ">
    <subfield code="0">0</subfield>
    <subfield code="1">0</subfield>
    <subfield code="2">ddc</subfield>
    <subfield code="4">0</subfield>
    <subfield code="7">0</subfield>
    <subfield code="8">Alahram</subfield>
    <subfield code="a">MAIN</subfield>
    <subfield code="b">MAIN</subfield>
    <subfield code="c">LOW</subfield>
    <subfield code="d">2015-06-24</subfield>
    <subfield code="e">purchase</subfield>
    <subfield code="g">487.00</subfield>
    <subfield code="h">325</subfield>
    <subfield code="l">1</subfield>
    <subfield code="o">005.1 SCH</subfield>
    <subfield code="p">000038820</subfield>
    <subfield code="r">2025-07-15 00:00:00</subfield>
    <subfield code="s">2016-02-08</subfield>
    <subfield code="v">608.75</subfield>
    <subfield code="y">BB</subfield>
  </datafield>
</record>
